000
00359nam a2200133Ia 4500
008
151001s9999||||xx |||||||||||||| ||und||
100
_a
सुरेश सलील
245
_a
गाणेशशंकर विध्यार्थी
250
_a
1
260
_b
शिक्षा भारती
260
_c
1981
300
_a
42
365
_b
18
999
_c
961970
_d
961967